| 000 | 00444nam a2200169Ia 4500 | ||
|---|---|---|---|
| 001 | 63445 | ||
| 008 | 150108s9999 xx 000 0 und d | ||
| 020 | _a9788126154951 | ||
| 040 | _cPK-LaUMT | ||
| 082 |
_aR 215.03 _bSHA-E |
||
| 100 | _aSahu, Jai Prakash | ||
| 245 |
_aEncyclopaedia of Sciences and religions _cSahu, Jai Prakash |
||
| 260 |
_aNew Delhi,India: _bAnmol publications, _c2013 |
||
| 300 | _a304 p. | ||
| 546 | _aEN | ||
| 942 | _cREF | ||
| 999 |
_c64049 _d64049 |
||